[Event "88th GER-ch Men 2017"]
[Site "Apolda"]
[Date "2017.06.29"]
[Round "7"]
[White "Tonndorf, Matthias"]
[Black "Jahncke, Giso"]
[Result "1/2-1/2"]
[WhiteElo "2256"]
[BlackElo "2340"]
[Annotator "TA"]
[PlyCount "129"]
[EventDate "2017.??.??"]
[EventType "swiss"]
[EventCountry "GER"]
[SourceTitle "playchess.com"]
[Source "ChessBase"]
[SourceQuality "1"]

{[%evp 9,129,-1,7,-1,-6,-22,-15,-16,-16,-9,13,17,21,26,28,23,28,27,24,0,31,25,37,29,26,0,0,14,40,27,27,25,33,26,38,43,64,39,65,57,103,37,30,38,37,7,13,0,0,0,0,-7,0,0,0,-76,-4,-20,0,-64,0,-47,0,0,0,-43,-34,-45,0,0,0,0,0,-1,0,-60,-79,-63,-87,-140,-126,-151,-81,-64,-73,-181,-177,-136,0,0,0,0,0,0,0,0,0,0,0,0,0,0,0,0,0,0,0,0,0,0,0,0,0,0,0,0,0,0,0,0,0,0]} 1. e4 c5 2. Nf3 Nc6 3. b3 e5 4. Bc4 (4. Bb2 d6 5. Bb5 Be7 6. O-O Nf6 7. Bxc6+ bxc6 8. Qe2 O-O 9. h3 Nh5 10. Nc3 Nf4 11. Qe3 Bg5 12. Nxg5 Qxg5 13. Qg3 {½-½ (59) Dourerassou,J (2484)-Saric,I (2628) Bastia 2013}) 4... g6 5. h4 $146 ({Predecessor:} 5. d3 Bg7 6. Ng5 Nh6 7. Nc3 Nd4 8. O-O O-O 9. h3 Kh8 10. a4 Ne6 11. Nf3 Nf4 {½-½ (31) Bontempi,P (2376)-Delfino,L (2221) Campobasso 2013}) 5... h6 6. Nc3 {B30: Sicilian: 2...Nc6 3 Bb5, lines without ...g6} Nf6 7. Nd5 d6 8. Nxf6+ Qxf6 9. Ng1 h5 10. d3 Bh6 11. Bxh6 Rxh6 12. Qd2 Rh8 13. Ne2 a6 14. O-O-O Bd7 15. Kb1 O-O-O 16. Rdf1 Qg7 17. Nc3 b5 18. Bd5 b4 19. Bxc6 Bxc6 20. Nd1 $1 f5 21. f3 f4 22. g3 Rdf8 23. Rfg1 fxg3 24. Rxg3 Rf4 25. Qg2 (25. Ne3 $16) 25... Be8 $14 26. Ne3 Bf7 27. Qh3+ Kc7 28. Rhg1 {aiming for Rxg6!} Rg8 29. Rg5 Qf8 30. R1g3 Rf6 31. Qg2 a5 32. Nc4 {[#]} (32. Nd5+ $11 Bxd5 33. exd5) 32... Qa8 (32... a4 $1 $17) 33. Qf2 (33. Nxe5 $5 dxe5 34. Rxe5 $11) 33... Qa7 (33... a4 $5 {[%cal Ra4b3]}) 34. Nb2 ({White should play} 34. Nxe5 $11 dxe5 35. Rxe5) 34... Kc6 (34... Rf8 $15) 35. Rg1 (35. d4 $5 cxd4 36. Nd3 $15) 35... Be6 36. R1g3 Qf7 37. Nc4 (37. d4 $5 cxd4 38. Nd3 $15) 37... Bxc4 38. dxc4 Rf8 {[%cal Rf6f3]} (38... a4 $5) 39. Qd2 Qe6 (39... a4 $5) 40. Qd3 Kc7 41. Kc1 Qf7 {[%cal Rf6f3]} 42. Qd2 (42. Qd5 $1 $11) 42... a4 $1 $15 43. bxa4 Qxc4 44. Rxg6 ({White should try} 44. Kb2) 44... Qxa2 $17 {[%cal Ra2a1]} 45. Rg7+ R8f7 (45... Kb6 $142 {[%cal Ra2a1]} 46. Kd1 Qxa4) 46. Rxf7+ Rxf7 {[%cal Ra2a1]} 47. Qd5 {[#]} (47. Kd1 $17) 47... Qxd5 $1 $19 48. exd5 {[%mdl 4096] Endgame KR-KR} Kb6 (48... Rf6 $17 49. Rg5 Kb6) 49. Rg6 $11 {The position is equal.} Rd7 50. Rg8 $1 c4 51. Rc8 c3 {Threatens to win with ...Ra7.} 52. Kb1 $1 Rg7 {With the idea ...Rg2.} (52... Ra7 $5 {[%cal Rb6a5]}) 53. Ka2 $1 {[%cal Ra2b3] Kb3 is the strong threat.} Rg1 54. Kb3 Rb1+ 55. Kc4 Rb2 56. Kd3 Ka5 57. Rc6 Kxa4 {And now ...Rb1 would win.} 58. Rxd6 Kb5 59. Rd8 Rb1 60. Rc8 Rd1+ 61. Ke4 Rd2 62. Rb8+ Kc5 (62... Ka4 $5 {[%cal Rd2c2]} 63. Ra8+ Kb5 64. Rb8+ Kc5 65. Rc8+ Kd6 66. Rc6+ Kd7 $11) 63. Rc8+ Kb5 64. Rb8+ Kc5 65. Rc8+ {Precision: White = 67%, Black = 48%.} 1/2-1/2

[Event "88th GER-ch Men 2017"]
[Site "Apolda"]
[Date "2017.06.29"]
[Round "7"]
[White "Schmitt, Philipp"]
[Black "Kersten, Uwe"]
[Result "0-1"]
[WhiteElo "2174"]
[BlackElo "2257"]
[Annotator "TA"]
[PlyCount "104"]
[EventDate "2017.??.??"]
[EventType "swiss"]
[EventCountry "GER"]
[SourceTitle "playchess.com"]
[Source "ChessBase"]
[SourceQuality "1"]

{[%evp 18,104,48,28,63,32,53,27,60,-32,-22,-37,-37,-40,-29,-35,-34,-42,-37,-36,-37,-46,-43,-34,-52,-59,-46,-52,-64,-96,-33,-67,-63,-56,-61,-133,-131,-114,-110,-91,0,0,0,0,0,0,0,0,0,0,0,-288,-288,-288,-288,-284,-281,-12839,0,0,0,-288,-288,-905,-439,-4935,-1476,-12841,-12841,-12841,-12841,-12842,-12842,-12842,-12843,-29982,-12845,-12845,-12846,-12846,-12845,-29989,-29990,-12849,-12849,-12850,-12850,-12850,-29993]} 1. e4 c5 2. Nf3 d6 3. d4 cxd4 4. Nxd4 Nf6 5. Nc3 Nc6 6. Bg5 e6 7. Qd2 a6 8. O-O-O Bd7 9. f4 b5 10. a3 {LiveBook: 37 Games} (10. Bxf6 $5 gxf6 11. Kb1 $11) 10... Rc8 {B67: Sicilian: Richter-Rauzer: 7...a6 8 0-0-0 Bd7, lines without 9 f4 Be7} 11. Be2 h6 $146 ({Predecessor:} 11... Be7 12. Rhe1 O-O 13. Bxf6 gxf6 14. Kb1 Qb6 15. Nxc6 Bxc6 16. Qd4 Qxd4 17. Rxd4 Bb7 18. Red1 Rc5 19. Bf3 Rfc8 20. R4d2 Kf8 21. Ne2 Rc4 22. Nd4 Bd8 23. c3 Ke7 24. Be2 R4c7 {½-½ (24) Jedynak,R (2519)-Dziuba,M (2511) Montpellier 2006}) 12. Bxf6 Qxf6 {White has an edge.} 13. e5 (13. Nxc6 $14 Bxc6 14. Bf3) 13... dxe5 $15 14. Ndxb5 {[%csl Gd1][%cal Rd2d7]} Qxf4 15. Qxf4 exf4 16. Nd6+ Bxd6 $1 17. Rxd6 Nb8 18. Bxa6 Nxa6 19. Rxa6 Bc6 20. Rf1 g5 {[%cal Bg7g5,Bg5g4,Bg4f3][%mdl 32]} 21. Rf2 O-O 22. Ra5 f6 23. a4 Rfd8 (23... e5 $1 $17) 24. Rc5 e5 25. Re2 g4 26. b4 (26. a5 $15) 26... f3 $17 27. gxf3 gxf3 28. Rd2 {[#]} Re8 (28... e4 $1 $17 {[%cal Re4e3]} 29. Rxc6 e3 30. Rxd8+ Rxd8 31. Rxf6 (31. Re6 $2 f2 $19) 31... f2) 29. b5 $11 Ba8 30. Rxc8 Rxc8 {[%mdl 4096] Endgame KRB-KRN} 31. Nd1 $1 f5 {Hoping for ...f4.} 32. a5 e4 33. Rd4 f4 {White must now prevent ...e3.} 34. Kd2 $2 {[%mdl 8192]} (34. a6 $11 {and White is okay.}) 34... e3+ $19 35. Nxe3 fxe3+ 36. Kxe3 Rxc2 {Strongly threatening ...Re2+. KRB-KR} 37. Rd2 $2 (37. a6 Re2+ 38. Kd3) 37... Rc3+ $2 ({Black should try} 37... Rxd2 $19 38. Kxd2 Kf7) 38. Kf2 $1 $11 Be4 {...Rb3 is the strong threat.} 39. b6 $2 {[%mdl 8192] [#]} (39. Rb2 $11 {and White has nothing to worry.}) 39... Rb3 $1 $19 40. Rd4 $2 (40. Kg3 Rb4 41. a6 Rxb6 42. a7) 40... Bc6 (40... Rb2+ $142 41. Kf1 Bc6) 41. Rd6 (41. Kg3 $142 Rb2 42. Rd1) 41... Rb2+ 42. Ke3 Re2+ 43. Kd3 Be4+ 44. Kc4 Kf7 45. Rd7+ Ke6 46. Rd8 Ke7 (46... f2 $142 47. Rf8 Bf5 48. Re8+ Kd7 49. Rxe2 f1=Q 50. Kc5 Qxe2 51. b7 Qxh2 52. Kd5 Qg2+ 53. Kc5 Qh2 54. Kc4 Qc7+ 55. Kb4 Qxb7+ 56. Kc3 Qf3+ 57. Kd2 Qd3+ 58. Ke1 Qe3+ 59. Kd1 Bd3 60. a6 Qe2+ 61. Kc1 Qc2#) 47. Rd1 f2 48. Rf1 Bg2 49. a6 Bxf1 50. b7 Rb2+ {Black is clearly winning.} 51. Kc3 Bxa6 52. Kxb2 Bxb7 {Precision: White = 30%, Black = 70%.} 0-1

[Event "88th GER-ch Men 2017"]
[Site "Apolda"]
[Date "2017.06.29"]
[Round "7"]
[White "Heinert, Eugen"]
[Black "Neyman, Igor"]
[Result "0-1"]
[WhiteElo "2151"]
[BlackElo "2308"]
[Annotator "TA"]
[PlyCount "110"]
[EventDate "2017.??.??"]
[EventType "swiss"]
[EventCountry "GER"]
[SourceTitle "playchess.com"]
[Source "ChessBase"]
[SourceQuality "1"]

{[%evp 19,110,4,11,11,11,11,11,11,13,12,11,-2,6,11,14,16,17,14,35,-6,1,-48,29,20,25,11,11,0,0,-31,-34,-30,0,0,0,-12,-6,-95,-101,-87,-75,-129,-97,-132,-137,-127,-93,-163,-162,-199,-154,-226,-225,-295,-262,-259,-207,-216,-217,-208,-195,-201,-182,-193,-119,-244,-241,-261,-212,-345,-335,-670,-586,-751,-701,-1521,-1525,-1492,-1458,-1342,-1294,-1892,-1959,-5712,-6015,-5987,-6011,-2286,-2018,-1946,-1638,-29994,-29995]} 1. Nf3 c5 2. g3 Nc6 3. c4 g6 4. Bg2 Bg7 5. O-O Nh6 6. Nc3 {[%cal Bb1c3,Bc3d5,Bd5f4][%mdl 32]} O-O 7. b3 {A37: Symmetrical English vs ...g6: 4 Bg2 Bg7 5 Nf3} (7. d3 a6 8. Rb1 Nf5 9. a3 b5 10. cxb5 axb5 11. Nxb5 Qb6 12. a4 Ba6 13. g4 Nh6 14. h3 f5 15. Nh2 e6 16. Be3 f4 17. Bd2 Bxb5 18. axb5 Qxb5 {½-½ (60) Braun,A (2529)-Petrosian,T (2616) Plovdiv 2008}) 7... a6 8. Bb2 Nf5 9. d3 d6 10. Qd2 Rb8 {LiveBook: 3 Games} 11. Nd5 f6 12. e3 e6 13. Nf4 e5 14. Nd5 b5 $146 ({Predecessor:} 14... Nfe7 15. Ne1 {½-½ (31) Hoensch,M (2312)-Kurz,E (2362) Pfullendorf 2003}) 15. Rad1 Be6 16. Ne1 {[%cal Bf3e1,Be1c2,Bc2a3][%mdl 32]} Nfe7 17. Nc2 f5 18. f4 Bf7 19. Na3 Re8 (19... Bxd5 $5 20. cxd5 Nb4 $11) 20. Rfe1 Nb4 (20... Nxd5 $15 21. cxd5 Nb4) 21. Nxb4 $11 cxb4 22. Nc2 a5 23. e4 Qb6+ 24. Qf2 (24. Qe3 {keeps more tension.} fxe4 25. Qxb6 Rxb6 26. Rxe4 d5 27. c5) 24... Qxf2+ 25. Kxf2 exf4 26. Bxg7 {[#] aiming for Bf6.} fxg3+ 27. hxg3 {Hoping for Bf6.} Kxg7 28. cxb5 (28. Nd4 $11 {remains equal.}) 28... Rxb5 $17 29. Nd4 Re5 30. Bh3 (30. Rc1 $142) 30... Kf6 31. Nf3 Rc5 32. Rd2 h6 33. Rde2 (33. d4 $17 Rc6 34. e5+ dxe5 35. Nxe5) 33... Nc6 $19 34. Bg2 Ne5 35. Rd2 (35. Nxe5 $17 Rcxe5 36. Bf3) 35... Rc3 36. Bf1 Ng4+ 37. Kg2 d5 {[%cal Rd5e4]} 38. exf5 Rxe1 ({Much less strong is} 38... gxf5 39. Be2 $17) ({But not} 38... Kxf5 39. Nd4+ Kf6 40. Be2) 39. Nxe1 Ne3+ 40. Kf2 Nxf5 41. Nf3 Be6 ({Black should try} 41... h5 $19 42. Bh3 Nd6) 42. Be2 (42. Bh3 $17) 42... h5 43. Bf1 Rc1 44. Bg2 (44. Bh3 $142) 44... g5 {[%cal Bg6g5,Bg5g4][%mdl 32]} 45. d4 $2 (45. Nh2) 45... Rc3 46. Re2 {and the idea Nxg5 leaves White hopeful.} g4 47. Ng5 Kxg5 48. Rxe6 {[%mdl 4096] Endgame KRB-KRN} Rc2+ 49. Kg1 Nxg3 50. Re5+ Kf4 51. Bxd5 h4 {[%cal Bh5h4,Bh4h3][%mdl 32] [#] ( -> ...h3)} 52. Re8 h3 {[%csl Gc2][%cal Rh3h2]} 53. Rf8+ Ke3 {[%csl Gc2][%cal Rh3h2]} 54. Rh8 Ne2+ 55. Kh1 g3 {Precision: White = 18%, Black = 64%.} 0-1

[Event "88th GER-ch Men 2017"]
[Site "Apolda"]
[Date "2017.06.29"]
[Round "7"]
[White "Middelhoff, Cornelius"]
[Black "Bussard, Christian"]
[Result "1-0"]
[WhiteElo "2131"]
[BlackElo "2251"]
[Annotator "TA"]
[PlyCount "87"]
[EventDate "2017.??.??"]
[EventType "swiss"]
[EventCountry "GER"]
[SourceTitle "playchess.com"]
[Source "ChessBase"]
[SourceQuality "1"]

{[%evp 15,87,12,36,12,29,32,58,41,159,90,98,80,88,86,79,69,78,42,108,77,70,83,96,70,84,45,59,33,99,90,418,385,379,78,49,-266,-271,-264,-254,-296,-225,-964,-933,-848,-685,-613,-654,-644,-637,-879,-879,-592,-508,-718,-713,-678,-638,-622,-419,-927,-927,-676,-599,-29988,-193,-191,-180,-180,14,14,29992,0,29993,29994]} 1. d4 Nf6 2. c4 e6 3. Nf3 c5 4. d5 b5 5. dxe6 fxe6 6. cxb5 d5 7. e3 Bd6 8. Nc3 O-O 9. Be2 {E10: Blumenfeld Gambit} (9. e4 $5) (9. Bd3 Bb7 10. Qe2 Nbd7 11. O-O Qc7 12. e4 d4 13. Na4 Ng4 14. h3 Rxf3 15. Qxf3 Nh2 16. Qe2 Nxf1 17. Kxf1 {1-0 (53) Zhu,C (2461)-Tan,Z (2460) Wuxi 2014}) 9... a6 10. O-O Qe7 11. e4 $146 {White is slightly better.} ({Predecessor:} 11. b3 Bb7 12. Bb2 Kh8 13. bxa6 Nxa6 14. Nb5 Bb8 15. Be5 Ne4 {0-1 (33) Reed,J (2020)-Pirotais,J (1991) Pornic 2008}) 11... Nxe4 {[#]} ({Better is} 11... dxe4 $14 12. Nd2 axb5) 12. Nxe4 (12. Nxd5 $142 $1 {[%mdl 512]} Qd8 (12... exd5 13. Qxd5+) 13. Nc3 Nxc3 14. bxc3) 12... dxe4 $16 13. Ng5 $1 Bb7 14. Bc4 axb5 15. Bxe6+ Kh8 16. Be3 (16. Nf7+ {feels hotter.} Rxf7 17. Bxf7 Nc6 18. Bd5 Rd8 19. Qh5) 16... Na6 ({Black should try} 16... Nc6 $1 $14) 17. Nf7+ ({Don't play} 17. Qh5 $6 g6 $11) 17... Rxf7 18. Bxf7 {[%cal Be6f7,Bf7h5,Bh5e2][%mdl 32]} Rf8 19. Bh5 Nb4 20. Be2 Bc6 21. Qd2 {Threatens to win with Rfd1.} c4 (21... Nd3 $14) 22. a4 $1 {[%cal Ra4b5] aiming for axb5.} Rd8 $2 {[%mdl 8192] [#]} (22... Qe5 $16 {is more resistant.} 23. g3 Nd3) 23. Bg5 $1 $18 {[%cal Rg5e7]} Qe5 {[%csl Gd6][%cal Re5h2]} 24. g3 Be7 25. Qxd8+ $4 {[%mdl 8192]} (25. Bf4 $1 $14 {is the one way to stay ahead.} Rxd2 26. Bxe5 Rxe2 27. axb5) 25... Bxd8 $19 26. Bxd8 bxa4 (26... Qxb2 27. axb5 Bd5 28. Bg4 $17) 27. Rac1 Qxb2 28. Rxc4 $2 (28. Bxc4 h6 29. Bb6) 28... Qxe2 29. Rxb4 e3 {( -> ...Qf3)} 30. Rf4 {[%cal Rf4f8]} h6 31. Bb6 exf2+ 32. Bxf2 a3 33. Re1 Qh5 34. h4 a2 {And now ...Qd5 would win.} 35. Bd4 Qd5 {[%csl Gc6][%cal Rd5g2]} 36. Rfe4 Kh7 37. Kf2 (37. Ba1 $142) 37... Qf5+ 38. Rf4 Qh3 39. Rf7 Qh2+ $2 (39... Qg2+ {mates} 40. Ke3 Qe4+ 41. Kf2 Qxd4+ 42. Ke2 Bb5+ 43. Kf3 Qc3+ 44. Re3 Qc6+ 45. Kg4 a1=Q 46. h5 Qd1+ 47. Ref3 Qc4+ 48. R7f4 Bd7+ 49. Kh4 Qh1#) 40. Ke3 Qxg3+ 41. Kd2 {[#]} Qg2+ $2 (41... Qh2+ $1 $19 42. Kd3 Kg6 43. Rxg7+ Kh5) 42. Kc1 $11 Qd5 $2 {[%mdl 8192]} (42... Bd5 $11 43. Rxg7+ Qxg7 44. Bxg7 Kxg7) 43. Rxg7+ Kh8 44. Rd7+ $1 {Precision: White = 51%, Black = 30%.} 1-0

[Event "88th GER-ch Men 2017"]
[Site "Apolda"]
[Date "2017.06.29"]
[Round "7"]
[White "Goepfert, Jakob"]
[Black "Heimrath, Reiner"]
[Result "0-1"]
[WhiteElo "2099"]
[BlackElo "2231"]
[Annotator "TA"]
[PlyCount "70"]
[EventDate "2017.??.??"]
[EventType "swiss"]
[EventCountry "GER"]
[SourceTitle "playchess.com"]
[Source "ChessBase"]
[SourceQuality "1"]

{[%evp 15,70,36,56,-99,-100,-101,-80,-95,-94,-89,-99,-104,-90,-103,-81,-121,-99,-112,-87,-102,-102,-105,-103,-129,-115,-197,-197,-201,-118,-153,-168,-183,-177,-185,-161,-173,-175,-224,-198,-466,-510,-504,-279,-283,-283,-282,-280,-260,-262,-657,-345,-336,-291,-29989,-420,-29994,-29988]} 1. d4 d6 2. e4 Nf6 3. Nc3 g6 4. f4 Bg7 5. Nf3 O-O 6. Be3 c5 7. dxc5 Qa5 8. Bd3 dxc5 {LiveBook: 19 Games} 9. Qe2 $2 {B09: Pirc Defence: Austrian Attack} (9. e5 $14 {stays ahead.} Nd5 10. Qd2 Nxe3 11. Qxe3) (9. Bd2 Qd8 10. O-O Nc6 11. Kh1 Bg4 12. e5 Nd5 13. h3 Bf5 14. Bxf5 Nxc3 15. Bxc3 Qxd1 16. Raxd1 gxf5 {½-½ (32) Sturua,Z (2600)-Hickl,J (2540) Berlin 1998}) 9... c4 $1 $17 {[%cal Rc4d3]} 10. Bxc4 {Threatens to win with 0-0-0.} Nxe4 $1 11. O-O {Black is better.} Nxc3 12. bxc3 Qxc3 13. Rab1 Nc6 14. Rb3 Qa5 $146 ({Predecessor:} 14... Qf6 15. Bd5 Be6 16. c4 Bxd5 17. cxd5 {0-1 (35) Travi,I-Pinto,A Brazil CXEB 1980}) 15. f5 Bxf5 16. Rxb7 Bg4 17. Rb5 Qc7 18. Rc5 {[#]} Qd6 $1 {aiming for ...Nd4.} 19. Rd5 Qb8 20. Qd2 (20. h3 $17 e6 21. Rd2 Bxf3 22. Qxf3) 20... Bxf3 $19 21. gxf3 Ne5 (21... e6 $19 22. Rb5 Qc7) 22. Bb3 e6 23. Ra5 Rd8 24. Qf2 Nc6 25. Ra4 Qe5 26. c3 Rd3 27. Bxa7 $2 (27. Rc4) 27... Nxa7 ({Much less strong is} 27... Rxa7 28. Rxa7 Nxa7 29. Qxa7 $19) 28. Rxa7 Qg5+ 29. Kh1 Rxa7 30. Qxa7 Bxc3 31. Qa6 Re3 32. Rd1 $2 (32. Qc4) 32... Qf6 33. Rf1 Kg7 34. Qb7 $2 (34. f4 $19) 34... Re2 (34... Qf4 $142 35. Bxe6 Rxe6 36. Qb5 Re1 37. Kg2 {[#]} Be5 $1 {[%mdl 512]} 38. Rxe1 Qxh2+ 39. Kf1 Bd4 40. Qb2 Qxb2 41. Re2 Qc1+ 42. Re1 Qd2 43. Re2 Qd1+ 44. Kg2 Qxe2+ 45. Kg3 Qf2+ 46. Kg4 Qh2 47. f4 f5+ 48. Kg5 h6#) 35. Qc6 (35. Bd1 $19 Rxa2 36. Qe4) 35... Be5 {Precision: White = 19%, Black = 55%.} 0-1

[Event "88th GER-ch Men 2017"]
[Site "Apolda"]
[Date "2017.06.29"]
[Round "7"]
[White "Dobierzin, Olaf"]
[Black "Prenzler, Daniel"]
[Result "1/2-1/2"]
[WhiteElo "2020"]
[BlackElo "2210"]
[Annotator "TA"]
[PlyCount "80"]
[EventDate "2017.??.??"]
[EventType "swiss"]
[EventCountry "GER"]
[SourceTitle "playchess.com"]
[Source "ChessBase"]
[SourceQuality "1"]

{[%evp 24,80,10,6,32,40,42,47,57,29,34,31,59,50,50,38,50,62,57,0,0,0,0,0,0,0,0,0,0,-93,-71,-41,-7,-16,-16,-27,-18,-19,-19,-27,-12,-15,0,0,54,0,0,0,15,12,90,78,83,0,0,-1,0,-8,0]} 1. e4 e6 2. d4 d5 3. Nc3 Nf6 4. e5 Nfd7 5. f4 c5 6. Nf3 Nc6 7. Be3 Be7 8. Qd2 b6 {C11: French: Classical System: 4 e5 and 4 Bg5 dxe4} (8... a6 9. a3 O-O 10. Be2 b6 11. Nd1 f6 12. c3 a5 13. O-O Ba6 14. Bxa6 Rxa6 15. exf6 Nxf6 16. Nf2 Bd6 {½-½ (46) Jakovenko,D (2718)-Korobov,A (2695) Poikovsky 2017}) 9. Be2 O-O 10. O-O f6 11. dxc5 Nxc5 12. exf6 Bxf6 13. Nd4 {LiveBook: 7 Games} Nxd4 14. Bxd4 Bxd4+ 15. Qxd4 Qf6 16. Rad1 Qxd4+ 17. Rxd4 Ba6 $146 18. Bxa6 Nxa6 19. f5 exf5 20. Nxd5 g6 21. Re1 (21. g4 $1 $14) 21... Rf7 $11 22. Ne7+ Kf8 23. Nc6 Rc8 24. Nd8 Re7 25. Ne6+ Kg8 {[#] ...Nc7 is the strong threat.} 26. Rd2 (26. Kf1 $1 $11 {was the only way to keep the balance.}) 26... Rce8 {aiming for ...Nc5.} 27. Rde2 Nc5 {[%cal Rc5e6]} 28. Nf4 Rxe2 29. Rxe2 {[%mdl 4096] Endgame KRN-KRN} Ne4 30. Kf1 Kf7 31. Nd3 h5 32. Nf2 Kf6 33. Nxe4+ fxe4 {KR-KR} ({Black should play} 33... Rxe4 $11 34. Rxe4 fxe4) 34. Kf2 ({White should try} 34. Rd2 $14) 34... Ke5 35. Ke3 Rc8 36. Rd2 Rc4 (36... h4 $11 {remains equal.}) 37. a3 b5 38. Rf2 ({Better is} 38. c3 $16) 38... a5 {The position is equal.} 39. Rd2 b4 40. axb4 axb4 {Precision: White = 60%, Black = 41%.} 1/2-1/2

[Event "88th GER-ch Men 2017"]
[Site "Apolda"]
[Date "2017.06.30"]
[Round "8"]
[White "Nisipeanu, Liviu-Dieter"]
[Black "Meister, Jakob"]
[Result "1-0"]
[WhiteElo "2683"]
[BlackElo "2433"]
[Annotator "TA"]
[PlyCount "79"]
[EventDate "2017.??.??"]
[EventType "swiss"]
[EventCountry "GER"]
[SourceTitle "playchess.com"]
[Source "ChessBase"]
[SourceQuality "1"]

{[%evp 12,79,19,22,41,44,66,57,57,57,57,57,57,57,57,57,57,57,57,57,57,54,56,54,65,54,55,53,87,86,81,82,82,82,81,76,75,75,97,75,91,76,77,77,93,88,84,72,72,72,87,62,71,54,59,46,130,136,238,235,300,304,290,279,343,333,469,466,29998,29999]} 1. d4 e6 2. c4 Bb4+ 3. Bd2 Bxd2+ 4. Qxd2 Nf6 5. Nf3 O-O 6. g3 d5 7. Bg2 dxc4 {E11: Bogo-Indian} 8. Na3 c5 9. O-O $146 ({Predecessor:} 9. dxc5 Na6 10. c6 bxc6 11. Nxc4 Rb8 12. O-O Qxd2 13. Nfxd2 c5 14. a3 Bb7 15. e4 {1-0 (67) Ganguly,S (2631)-Li,B (2308) Qinhuangdao 2011}) 9... cxd4 {White is slightly better.} 10. Nxc4 Nc6 11. Rfd1 Rb8 12. Nfe5 Bd7 13. Bxc6 Bxc6 14. Nxc6 bxc6 15. Qxd4 Qxd4 16. Rxd4 Rfd8 17. Rxd8+ Rxd8 $14 {[%mdl 4096] Endgame KRN-KRN} 18. Rc1 Kf8 19. f3 Nd5 20. Ne5 Ne7 21. Kf2 f6 22. Nd3 e5 23. Rc3 Rc8 24. e4 Rb8 25. b3 Kf7 26. Ke3 g5 27. Rc4 Ke6 28. Ra4 Nc8 29. h4 gxh4 30. gxh4 Kd6 31. Rc4 Nb6 32. Rc2 Rg8 33. Rd2 Kc7 {[#]} (33... c5 $14) 34. Nc5 $1 $16 h5 (34... Re8 $16 35. Rg2 Re7) 35. Ne6+ $18 Kb7 36. Rd6 Rg2 37. a4 Nc8 38. Rd7+ Ka6 (38... Kb6 {is a better defense.} 39. Ng7 Rg6 40. Nxh5 Rh6) 39. b4 {[#] Threatening mate with Nc5+.} Rb2 (39... c5 $18 40. bxc5 Rg8 41. Nc7+ Ka5) 40. Nc5+ {Precision: White = 80%, Black = 52%.} 1-0

[Event "88th GER-ch Men 2017"]
[Site "Apolda"]
[Date "2017.06.30"]
[Round "8"]
[White "Buhmann, Rainer"]
[Black "Neyman, Igor"]
[Result "1/2-1/2"]
[WhiteElo "2590"]
[BlackElo "2308"]
[Annotator "TA"]
[PlyCount "119"]
[EventDate "2017.??.??"]
[EventType "swiss"]
[EventCountry "GER"]
[SourceTitle "playchess.com"]
[Source "ChessBase"]
[SourceQuality "1"]

{[%evp 16,119,3,10,23,20,39,35,50,27,28,18,23,32,25,4,29,9,26,0,6,0,13,-4,0,-14,0,-16,22,23,11,13,19,29,28,0,24,24,26,24,44,6,18,8,15,15,6,4,5,0,0,0,0,0,0,0,0,0,0,0,0,0,0,0,0,0,0,0,0,0,0,0,0,0,0,0,0,0,0,0,0,0,0,0,0,0,0,0,0,0,0,0,0,0,0,0,0,0,0,0,0,0,0,0,0,0]} 1. d4 d5 2. Nf3 Nf6 3. c4 e6 4. g3 Bb4+ 5. Bd2 Be7 6. Bg2 c6 7. O-O O-O 8. Bf4 b6 9. Nc3 {LiveBook: 177 Games} Nh5 {E06: Closed Catalan: Early deviations} (9... Nbd7 10. Ne5 Bb7 11. e4 Nxe5 12. dxe5 Nxe4 13. Nxe4 dxe4 14. Qg4 Qc7 15. Bxe4 Rfd8 16. Rad1 Rxd1 17. Rxd1 Rd8 18. Rxd8+ Qxd8 {½-½ (58) Melkumyan,H (2653)-Bosiocic,M (2607) Austria 2017}) 10. Be5 $146 ({Predecessor:} 10. Bxb8 Rxb8 11. Ne5 Bb7 12. Qa4 a6 13. Nxc6 Bxc6 14. Qxc6 Rc8 15. Qb7 Rxc4 16. Rfd1 Bb4 17. Rac1 {0-1 (70) Mikaelyan,A (2448)-Quparadze,G (2445) Poti 2016}) 10... f6 11. Bxb8 Rxb8 {White is slightly better.} 12. cxd5 cxd5 13. e4 dxe4 14. Nxe4 g6 15. Qe2 Ng7 16. Rfd1 Bb7 17. Ne1 (17. d5 $5 exd5 18. Nc3 $11) 17... Re8 {[%cal Bf8e8,Be8e7,Be7d7][%mdl 32]} 18. Nc2 Nf5 19. h4 Bf8 20. a4 Bg7 21. h5 Re7 22. Nc3 Bxg2 23. Kxg2 Qe8 24. hxg6 hxg6 25. Qf3 Rd8 26. a5 Red7 27. axb6 axb6 28. d5 exd5 {The position is equal.} 29. Rxd5 Rxd5 30. Nxd5 Qe5 $132 {[%mdl 2048] Black is fighting back} 31. Rd1 Bf8 32. b3 Rd6 33. Rd3 Kf7 34. Nf4 Rxd3 35. Qxd3 {[#] Strongly threatening Qc4+.} Bd6 36. Kf1 Ne7 37. Qc4+ Ke8 38. Nd3 (38. Ne3 {with more complications.} b5 39. Qd3 Kf7 40. Nfd5 Qa1+ 41. Kg2) 38... Qd5 39. Ne3 Qxc4 40. bxc4 $11 {[%mdl 4096] Endgame KBN-KNN} Kd7 41. Ke2 Ke6 42. Kd2 g5 43. Kc3 f5 44. Nc2 Bc5 45. Nd4+ Bxd4+ 46. Kxd4 {KN-KN} Nc6+ 47. Kc3 Kd6 48. Ne1 Ne5 49. Kb4 Kc6 50. f3 Kc7 51. Kb5 Nc6 52. Nc2 Na7+ 53. Ka6 Nc6 54. f4 gxf4 55. gxf4 Nb8+ 56. Kb5 Nc6 57. c5 bxc5 58. Kxc5 Ne7 59. Nd4 Kd7 60. Nxf5 {Precision: White = 65%, Black = 74%.} 1/2-1/2